Nonlinear systems analysis /

Guardado en:
Autor Principal: Vidyasagar, M. 1947-
Formato: Libro
Idioma:English
Publicado: Englewood Cliffs, N.J. : Prentice-Hall, c1978.
Series:Prentice-Hall electrical engineering series
Prentice-Hall networks series
Materias:
Etiquetas: Agregar Etiqueta
Sin Etiquetas, Sea el primero en etiquetar este registro!
LEADER 00787cam a2200229 a 4500
001 MAT.inmabb002680
008 770627s1978####njua#####b####001#0#eng##
005 20110518164700.0
245 1 0 |a Nonlinear systems analysis /  |c M. Vidyasagar. 
260 |a Englewood Cliffs, N.J. :  |b Prentice-Hall,  |c c1978. 
300 |a x, 302 p. :  |b il. ;  |c 24 cm. 
490 0 |a Prentice-Hall electrical engineering series 
490 0 |a Prentice-Hall networks series 
504 |a Bibliografía: p. 295-296. 
020 |a 0136232809 
100 1 |a Vidyasagar, M.  |q (Mathukumalli),  |d 1947- 
650 0 |a System analysis. 
650 0 |a Differential equations, Nonlinear. 
084 |a 93-01 (34H05 93-02 93C10 93C15)  |2 msc2000 
010 |a  77024379  
040 |a DLC  |c DLC  |d DLC 
859 |h 93  |i V655  |p A-5116  |b BIB. MATEMATICA